The aftermath : Women in Post-Conflict Transformation (Record no. 23617)

MARC details
000 -LEADER
fixed length control field 00848cam a22002894a 4500
020 ## - INTERNATIONAL STANDARD BOOK NUMBER
ISBN 1842770667
020 ## - INTERNATIONAL STANDARD BOOK NUMBER
ISBN 1842770675
020 ## - INTERNATIONAL STANDARD BOOK NUMBER
ISBN 9781842770665
020 ## - INTERNATIONAL STANDARD BOOK NUMBER
ISBN 9781842770672
082 00 - DEWEY DECIMAL CLASSIFICATION NUMBER
Classification number 305.42
Author Cutter MEI
245 04 - TITLE STATEMENT
Title The aftermath : Women in Post-Conflict Transformation
260 ## - PUBLICATION, DISTRIBUTION, ETC. (IMPRINT)
Place of publication London ;
-- New York :
Name of publisher Zed Books,
Year of publication 2001.
300 ## - PHYSICAL DESCRIPTION
Number of Pages xiv, 258 p. ;
650 #0 - SUBJECT ADDED ENTRY--TOPICAL TERM
Topical Term Women and war.
650 #0 - SUBJECT ADDED ENTRY--TOPICAL TERM
Topical Term Women and peace.
650 #0 - SUBJECT ADDED ENTRY--TOPICAL TERM
Topical Term Women
650 #0 - SUBJECT ADDED ENTRY--TOPICAL TERM
Topical Term Women
650 #0 - SUBJECT ADDED ENTRY--TOPICAL TERM
Topical Term Sex role.
650 #0 - SUBJECT ADDED ENTRY--TOPICAL TERM
Topical Term Patriarchy.
856 42 - ELECTRONIC LOCATION AND ACCESS
Uniform Resource Identifier http://www.loc.gov/catdir/bios/hol051/2001056783.html
856 41 - ELECTRONIC LOCATION AND ACCESS
Uniform Resource Identifier http://www.loc.gov/catdir/toc/hol031/2001056783.html
856 42 - ELECTRONIC LOCATION AND ACCESS
Uniform Resource Identifier http://www.loc.gov/catdir/description/hol031/2001056783.html
942 ## - ADDED ENTRY ELEMENTS (KOHA)
Koha item type Books
700 1# -
-- Meintjes, Sheila.
700 1# -
-- Pillay, Anu.
700 1# -
-- Turshen, Meredeth,
Holdings
Home library Current library Shelving location Date acquired Source of acquisition Full call number Accession Number Koha item type
Henry Martyn Institute Library Henry Martyn Institute Library General stacks 10/07/2025 Director 305.42 MEI 11004894 Books
                   Copyright © 2026 | Henry Martyn Institute | Hyderabad | TS-500052 | INDIA | Implemented by hmi.edu.in
Hit-Count:

Powered by Koha